Návrh vlakovej stanice v Nitre

Saved in:
Bibliographic Details
Main Author: Bezányiová, Mária (Author)
Other Authors: Ingeli, Rastislav (Thesis advisor)
Format: Manuscript Book
Language:Slovak
Published: 2025
Subjects:
Online Access:http://is.stuba.sk/zp/portal_zp.pl?podrobnosti=182788
CRZP
Tags: Add Tag
No Tags, Be the first to tag this record!

MARC

LEADER 00000ntm a22000003a 4500
001 stuzp105892
003 SK-STU
005 20250721111723.1
007 ta
008 150427s2015----xo-----f-mn---000-0-slo-d
040 |a STU  |b slo 
041 0 |a slo 
100 1 |a Bezányiová, Mária  |u 010180  |4 aut  |U SvF Stavebná fakulta  |T SvF Katedra konštrukcií pozemných stavieb  |X 103641  |U V180  |Y 18  |7 103641 
242 0 1 |a Design of the train station in Nitra  |y eng 
245 1 0 |a Návrh vlakovej stanice v Nitre 
260 |c 2025 
650 4 |a sustainable architecture  |2 eng 
650 4 |a urban integration  |2 eng 
650 4 |a transport infrastructure  |2 eng 
650 4 |a Peikko hybrid system  |2 eng 
650 4 |a public facility  |2 eng 
650 4 |a implementation project  |2 eng 
650 4 |a Nitra  |2 eng 
650 4 |a train station  |2 eng 
650 4 |a dopravná infraštruktúra  |2 slo 
650 4 |a realizačný projekt  |2 slo 
650 4 |a vlaková stanica  |2 slo 
650 4 |a hybridný systém Peikko  |2 slo 
650 4 |a verejný objekt  |2 slo 
650 4 |a udržateľná architektúra  |2 slo 
650 4 |a Nitra  |2 slo 
650 4 |a mestotvornosť  |2 slo 
700 1 |a Ingeli, Rastislav  |u 010180  |k Z1  |4 ths  |U SvF Stavebná fakulta  |T SvF Katedra konštrukcií pozemných stavieb  |X 23863  |U V180  |Y 18  |7 A000023863 
856 4 |u http://is.stuba.sk/zp/portal_zp.pl?podrobnosti=182788 
856 4 |u https://opac.crzp.sk/?fn=detailBiblioForm&sid=809C367C54749DCAA145A9FF7E5A  |z CRZP